Measures of complexity : proceedings of the Conference, held in Rome September 30 - October 2, 1987

Saved in:
Bibliographic Details
Corporate Author: International Conference on "Measures of Complexity"
Other Authors: Peliti, L. (Luca), 1948- (Editor), Vulpiani, A. (Editor)
Format: Conference Proceeding Book
Language:English
Published: Berlin : Springer-Verlag, c1988.
Series:Lecture notes in physics ; 314
Subjects:
Tags: Add Tag
No Tags, Be the first to tag this record!

MARC

LEADER 00000cam a2200000 i 4500
001 1/30877
008 960716s1988####gw | ||| |||| ||eng||
020 |a 3540503161 
035 |a 1995  |l 10038683 
040 |a GR-MyUA  |b gre  |e AACR2 
041 0 |a eng 
082 0 |a 003  
245 0 0 |a Measures of complexity :   |b proceedings of the Conference, held in Rome September 30 - October 2, 1987 /   |c L. Peliti, A. Vulpiani (Eds.).  
260 |a Berlin :   |b Springer-Verlag,   |c c1988.  
300 |a iv, 150 σ. :   |b εικ. ;   |c 24 εκ.  
490 1 |a (Lecture notes in physics   |v ; 314)  
504 |a Περιέχει βιβλιογραφικές αναφορές.  
650 0 0 |a System theory  |v Congresses. 
650 0 0 |a Computational complexity  |x Congresses. 
700 1 |a Peliti, L.   |q (Luca),   |d 1948-  |e edt 
700 1 |a Vulpiani, A.  |e edt 
711 2 |a International Conference on "Measures of Complexity"   |d (1987 :   |c Dipartimento di Fisica dell'Università "La Sapienza") 
830 0 |a Lecture notes in physics ;  |v  314 
852 |a INST  |b SAMOS  |e 19960716  |h 003 INT  |p 005300005270  |q 005300005270  |t BK  |y 0 
909 |a Σ  |b 039181